书目信息 |
| 题名: |
行草章法
|
|
| 作者: | 杨再春 著 | |
| 分册: | ||
| 出版信息: | 北京 北京体育大学出版社 2004.05 |
|
| 页数: | 128页 | |
| 开本: | 28cm | |
| 丛书名: | ||
| 单 册: | ||
| 中图分类: | J292.35 | |
| 科图分类: | ||
| 主题词: | 行书--书法 , 草书--书法 | |
| 电子资源: | ||
| ISBN: | 7-81003-594-0 | |
| 000 | 00741nam0 2200277 450 | |
| 001 | CAL 012003189668 | |
| 005 | 20040220143838.8 | |
| 010 | @a7-81003-594-0@dCNY22.00 | |
| 092 | @aCN@b0001678-043 | |
| 099 | @aCAL 012003189668 | |
| 100 | @a20041213d2004 em y0chiy0120 ea | |
| 101 | 0 | @achi |
| 102 | @aCN@b110000 | |
| 105 | @aah z 000yy | |
| 200 | 1 | @a行草章法@AHang Cao Zhang Fa@f杨再春著@Fyang zai chun zhu |
| 205 | @a3版 | |
| 210 | @a北京@c北京体育大学出版社@d2004.05 | |
| 215 | @a128页@d28cm@e光盘1张 | |
| 606 | 0 | @a行书@x书法 |
| 606 | 0 | @a草书@x书法 |
| 690 | @aJ292.35@v4 | |
| 701 | 0 | @a杨再春@Ayang zai chun@4著 |
| 801 | 0 | @aCN@bSXH@c20041213 |
| 905 | @aBZT@dJ292.35@e1@f6 | |
| 906 | @dCNY22.00@n0@r1 | |
| 998 | @aXH | |
| 行草章法/杨再春著.-3版.-北京:北京体育大学出版社,2004.05 |
| 128页;28cm+光盘1张 |
| ISBN 7-81003-594-0:CNY22.00 |
| ● |
| 相关链接 |
|
|
|
正题名:行草章法
索取号:J292.35/1
 
预约/预借
| 序号 | 登录号 | 条形码 | 馆藏地/架位号 | 状态 | 备注 |
| 1 | 0376427 | 200891142 | 样本书库/样006架A面4层2列/ [索取号:J292.35/1] | 在馆 | |
| 2 | 0376428 | 200891151 | 中心书库中库/ 中库017架A面5列7层41/ [索取号:J292.35/1] | 在馆 | |
| 3 | 0376429 | 200891124 | 中心书库中库/ 中库018架A面7列1层7/ [索取号:J292.35/1] | 在馆 | |
| 4 | 0376430 | 200891133 | 中心书库中库/ 中库018架A面7列2层7/ [索取号:J292.35/1] | 在馆 | |
| 5 | 0376431 | 200891106 | 中心书库中库/ 中库018架A面7列1层8/ [索取号:J292.35/1] | 在馆 |